Propósitos y debilidades (Record no. 154655)

MARC details
000 -LEADER
campo de control de longitud fija 00872nam a2200193 i 4500
001 - NÚMERO DE CONTROL
campo de control 154655
003 - IDENTIFICADOR DE NÚMERO DE CONTROL
campo de control ES-MaACL
005 - FECHA Y HORA DE LA ÚLTIMA TRANSACCIÓN
campo de control 20240209210038.0
008 - DATOS DE LONGITUD FIJA--INFORMACIÓN GENERAL
campo de control de longitud fija 040715q18881900sp |||| | spa d
040 ## - FUENTE DE CATALOGACIÓN
Centro catalogador/agencia de origen CAM
Lengua de catalogación spa
Centro/agencia transcriptor CAM
100 1# - ENTRADA PRINCIPAL--NOMBRE DE PERSONA
Nombre de persona Gordon, José.
9 (RLIN) 59159
245 10 - MENCIÓN DEL TÍTULO
Título Propósitos y debilidades
Resto del título : apuntes sobre la formación en Málaga de un partido político por el Sr. Moret y sus vicisitudes hasta las elecciones de diputados provinciales verificadas el día 9 de setiembre de 1888 /
Mención de responsabilidad, etc. [José Gordon].
260 ## - PUBLICACIÓN, DISTRIBUCIÓN, ETC.
Lugar de publicación, distribución, etc. Málaga :
Nombre del editor, distribuidor, etc. [s.n.,
Fecha de publicación, distribución, etc. s.a.] (
Fabricante Tipografía de Las Noticias)
300 ## - DESCRIPCIÓN FÍSICA
Extensión 22 p. ;
Dimensiones 21 cm.
594 #1 - Nota al título y mención de responsabilidad
Nota al título y mención de responsabilidad Texto firmado por José Gordon.
600 17 - PUNTO DE ACCESO ADICIONAL DE MATERIA--NOMBRE DE PERSONA
Nombre de persona Moret, Segismundo,
Fechas asociadas al nombre 1833-1913
Fuente del encabezamiento o término embne
9 (RLIN) 162747
852 ## - LOCALIZACIÓN
Ubicación ES-MaACL
Número de control de estantería T-547-F-4
Nota libre -- Enc. hol., conservando la cub. original
-- -- Enc. en un vol. facticio
Holdings
Estatus retirado Estado de pérdida Estado de daño No para préstamo Colección Biblioteca de origen Biblioteca actual Ubicación en estantería Fecha de adquisición Total de préstamos Signatura topográfica completa Código de barras Visto por última vez Precio de reemplazo Tipo de ítem Koha
        Colección de folletos Biblioteca del Ateneo de Madrid Biblioteca del Ateneo de Madrid Depósito folletos 17/01/2008   T-547-F-4 1161758 23/02/2023 23/02/2023 Folleto